Top 10 Most Remote U.S. State Capitals - Statistics

General Stats
  • This quiz has been taken 32,182 times
  • The average score is 7 of 10
Answer Stats
Miles State Capital % Correct
2,462 Honolulu
95%
914 Juneau
91%
359 Austin
81%
290 Helena
69%
382 Phoenix
69%
290 Boise
68%
297 Salt Lake City
62%
284 Santa Fe
59%
225 Madison / St. Paul
52%
267 Oklahoma City
48%
No matching quizzes found
Score Distribution
Percent of People with Each Score
Percentile by Number Answered
Your Score History
You have not taken this quiz